| 000 | 00535nam a2200169 a 4500 | ||
|---|---|---|---|
| 005 | 20140412111236.0 | ||
| 008 | 010502s19uu xx 00 eng d | ||
| 050 |
_aTR(GS 414 _bW37 1978 |
||
| 100 | _aWartenberg, Herbert | ||
| 245 |
_aPhonics, A : _binitial consonant sound / _cby Herbert Wartenberg; illustrated by Arthur Friedman. |
||
| 260 |
_aNew York : _bScholastic Inc, _c1978. |
||
| 300 | _a32p. ; ill. | ||
| 440 | _aA Scholastic Skills Book | ||
| 650 | _aPhonics | ||
| 650 | _aConsonants-Study and teaching | ||
| 999 |
_c102442 _d102442 |
||